Statistics for Clothing by Picture

Click here to take the quiz!

General Stats

  • This quiz has been taken 10,151 times
  • The average score is 11 of 18

Answer Stats

Answer% Correct
Corset
91%
{Polo} Shirt
88%
Kimono
84%
Toga
80%
Fez
79%
Sari
72%
Burqa
70%
{Trench}coat
69%
Poncho
67%
Hijab
66%
Leotard
65%
Lederhosen
64%
{Bell}-{bottom} Jeans
62%
{Garter} Belt
58%
Parka
41%
{Bolo} Tie
36%
Pince-nez
21%
Bodice
19%

Score Distribution

Percentile by Number Answered

Percent of People with Each Score

Your Score History

You have not taken this quiz